Tourism development: (Record no. 47319)

000 -LEADER
fixed length control field 00376nam a22001451a 4500
020 ## - INTERNATIONAL STANDARD BOOK NUMBER
ISBN 9788170249818
082 ## - DEWEY DECIMAL CLASSIFICATION NUMBER
Classification number 338.479 154
Item number YAS/T
100 ## - MAIN ENTRY--AUTHOR NAME
Personal name Yashodhara Jain
245 ## - TITLE STATEMENT
Title Tourism development:
Sub Title problems and prospects/
Statement of responsibility, etc by Yashodhara Jain
260 ## - PUBLICATION, DISTRIBUTION, ETC. (IMPRINT)
Place of publication New Delhi:
Name of publisher A P H,
Year of publication 1998.
300 ## - PHYSICAL DESCRIPTION
Number of Pages 124p.
650 ## - SUBJECT ADDED ENTRY--TOPICAL TERM
Topical Term Tourism
650 ## - SUBJECT ADDED ENTRY--TOPICAL TERM
Topical Term Social Sciences
942 ## - ADDED ENTRY ELEMENTS (KOHA)
Koha item type Book
Holdings
Withdrawn status Lost status Damaged status Not for loan Permanent Location Current Location Date acquired Cost, normal purchase price Full call number Accession Number Cost, replacement price Price effective from Koha item type
        Sree Sankaracharya University of Sanskrit Sree Sankaracharya University of Sanskrit 08.01.2015 800.00 338.479154 YAS/T 048442 0.00 08.01.2015 Book